Normal view
MARC view
- المهارات الحياتية-السلوك الاجتماعية -الاطفال-علم الاجتماع التربوي
Entry Topical Term
001 - CONTROL NUMBER
- control field: 62860
003 - CONTROL NUMBER IDENTIFIER
- control field: JO-AjAnu
005 - DATE AND TIME OF LATEST TRANSACTION
- control field: 20230606084250.0
008 - FIXED-LENGTH DATA ELEMENTS
- fixed length control field: 230606|| aca||aabn | a|a d
040 ## - CATALOGING SOURCE
- Original cataloging agency: JO-AjAnu
- Transcribing agency: JO-AjAnu
150 ## - HEADING--TOPICAL TERM
- Topical term or geographic name entry element: المهارات الحياتية-السلوك الاجتماعية -الاطفال-علم الاجتماع التربوي
670 ## - SOURCE DATA FOUND
- Source citation: Work cat.: (JO-AjAnu)32052: القرعان، سالم محمد، م.مشارك ايمن محمد خريسات, author 62859, المهارات الحياتية للأطفال=Life Skills for children